Experiments in the machine interpretation of visual motion /

Bibliographic Details
Main Author: Murray, David W.
Other Authors: Buxton, Bernard F.
Format: Book
Language:English
Published: Cambridge, Mass. : MIT Press, [1990]
Series:Artificial intelligence (Cambridge, Mass.)
Subjects:

MARC

Tag First Indicator Second Indicator Subfields
LEADER 00000cam a22000008a 4500
001 in00000975113
005 20150927112924.0
008 900706s1990 mau b 00110 eng
010 |a  90043645  
020 |a 026213263X 
035 |a (OCoLC)22113981 
035 |9 AEW5375AM 
040 |a DLC  |c DLC  |d TXA  |d UtOrBLW 
049 |a TXAM 
050 0 0 |a TA1635  |b .M87 1990 
082 0 0 |a 006.3/7  |2 20 
100 1 |a Murray, David W. 
245 1 0 |a Experiments in the machine interpretation of visual motion /  |c David W. Murray and Bernard F. Buxton. 
263 |a 9009 
264 1 |a Cambridge, Mass. :  |b MIT Press,  |c [1990] 
264 4 |c ©1990 
300 |a 236 pages :  |b illustrations  
336 |a text  |b txt  |2 rdacontent 
337 |a unmediated  |b n  |2 rdamedia 
338 |a volume  |b nc  |2 rdacarrier 
490 1 |a Artificial intelligence 
504 |a Includes bibliographical references and index. 
650 0 |a Computer vision. 
650 0 |a Motion perception (Vision) 
700 1 |a Buxton, Bernard F. 
830 0 |a Artificial intelligence (Cambridge, Mass.) 
999 |a MARS 
999 f f |s f0bca4b3-8ca4-3235-ac85-8fcbf33aa323  |i 56916689-2569-322d-9085-d9fe8cc3d8de  |t 0 
952 f f |p ric  |a Texas A&M University  |b Rellis Campus  |c Joint Library Facility  |d Remote Storage  |t 0  |e TA1635 .M87 1990  |h Library of Congress classification  |i unmediated -- volume  |m A14814031036 
998 f f |a TA1635 .M87 1990  |t 0  |l Remote Storage